Sonic the Hedgehog 2 (2022): Characters by Picture - Statistics

General Stats
  • This quiz has been taken 79 times
  • The average score is 10 of 13
Answer Stats
Picture Answer % Correct
Knuckles the Echidna
97%
Sonic the Hedgehog
97%
Miles "Tails" Prower
95%
Dr. Ivo "Eggman" Robotnik
93%
Tom Wachowski
85%
Shadow the Hedgehog
84%
Agent Stone
82%
Maddie Wachowski
82%
Wade Whipple
62%
Ozzie
61%
Rachel
59%
Commander Walters
51%
Randall Handel
33%
No matching quizzes found
Score Distribution
Percent of People with Each Score
Percentile by Number Answered
Your Score History
You have not taken this quiz